000 00519nam a22001817a 4500
005 20251108170524.0
008 250721s1998 xx 000 0 ara d
082 1 4 _a616.12/حاف
100 1 _aحافظ، رمضان
245 1 0 _aالقاتل الناعم الكوليسترول /
264 1 _aالقاهره :
_bمكتبة إبن سينا،
_c1998.
300 _a96ص.
650 1 7 _aالأمراض
650 1 7 _aأمراض القلب
650 1 7 _aالكوليسترول
942 _2ddc
_cBK
999 _c42547
_d42547